000 00637nam a2200265Ia 4500
003 OSt
005 20240415150248.0
008 210210b1964 xxu||||| |||| 00| 0 eng d
040 _aAL
_c
041 _aeng
082 _a381/84
100 _aPICKLES (William)
_916237
245 _aAccountancy questions and key
250 _a3
260 _aLondon
_bSir Isaac Pitman & Sons Ltd.,
_c1964
300 _aviii,711
650 _aquestions
_916238
650 _akey
_916239
650 _aEd
_916240
650 _aAccountancy
_916241
650 _a3
_916242
690 _aAccountancy
_916241
906 _a005130
942 _2ddc
_cBK
999 _c124988
_d124988